000 01277cam a2200373 a 4500
001 199047
003 OSt
005 20260209155333.0
008 260209b |||||||| |||| 00| 0 eng d
010 _a 98983460
035 _a199047
040 _aDLC
_cDLC
042 _alcode
043 _af-ke---
082 _a363.3
_bKHCR
100 1 _aRuteere, Mutuma.
245 1 0 _aMission to repress :
_btorture, illegal detentions, and extra-judicial killings by the Kenyan police.
260 _aNairobi, Kenya :
_bKenya Human Rights Commission,
_c1998.
300 _a120 p. :
_bill. ;
_c21 cm.
336 _atext
_btxt
_2rdacontent
337 _aunmediated
_bn
_2rdamedia
338 _avolume
_bnc
_2rdacarrier
500 _a"Authored by Mutuma Ruteere"--Acknowledgement.
504 _aIncludes bibliographical references.
650 0 _aPolice brutality
_zKenya.
650 0 _aPolice misconduct
_zKenya.
650 0 _aDetention of persons
_zKenya.
650 0 _aTorture
_zKenya.
710 2 _aKenya Human Rights Commission.
906 _a7
_bcbc
_corigode
_d3
_encip
_f19
_gy-gencatlg
942 _2ddc
_cBK
999 _c4140
_d4140